Phytophthora : Its biology, taxonomy, ecology, and pathology

Sparad:
Bibliografiska uppgifter
Materialtyp: Bok
Språk:Undetermined
Publicerad: St. Paul, Minnessota U.S.A. APS Press (American Phytopathological Society) 1983
Ämnen:
Taggar: Lägg till en tagg
Inga taggar, Lägg till första taggen!
Thư viện lưu trữ: Trung tâm Học liệu Trường Đại học Cần Thơ
LEADER 00594nam a2200181Ia 4500
001 CTU_150141
008 210402s9999 xx 000 0 und d
082 |a 579.546 
082 |b P578 
245 0 |a Phytophthora : 
245 0 |b Its biology, taxonomy, ecology, and pathology 
245 0 |c D. C. Erwin, S. Bartnicki-Garcia, P. H. Tsao, editors 
260 |a St. Paul, Minnessota U.S.A. 
260 |b APS Press (American Phytopathological Society) 
260 |c 1983 
650 |a Phytophthora,Phytophthora diseases 
904 |i Giang 
980 |a Trung tâm Học liệu Trường Đại học Cần Thơ